Представление документа в формате RUSMARC

ПолеНазваниеЗначение
  Тип записи a
  Библиографический уровень m
001 Контрольный номер RU/IS/BASE/437753553
005 Дата корректировки 20250709140016.5
010 Индекс ISBN __
d Цена 250-00
101 Язык документа 0_
a Язык текста rus
200 Заглавие и сведения об ответственности 1_
a Заглавие "Мне снился сон..."
e Сведения, относящиеся к заглавию музыкально-поэтическая композиция на стихи Д. Самойлова
f Первые сведения об ответственности читает: М. Козаков
b Общее обозначение материала Электронный ресурс
210 Выходные данные 1_
a Место издания Москва
c Издательство Аудиокнига
d Дата издания 2008
215 Физическое описание __
a Объем 1 электрон. опт. диск (CD-ROM) (1ч.)
c Иллюстрации/тип воспроизводства зв.
225 Серия (Журнальная рубрика) 2_
a Серия (Журнальная рубрика) Поэтические страницы
300 Общие примечания __
a Общие примечания Системные требования: CD-плеер с поддержкой МР3 или Pentium-223 с Windows 9х-ХР, CD-ROM, звуковая карта
606 Тематические рубрики __
a Основная рубрика Художественная литература
606 Тематические рубрики __
a Основная рубрика Русская литература XX в. (произведения)
610 Ключевые слова 0_
a Ключевые слова говорящая книга
610 Ключевые слова 0_
a Ключевые слова русская советская литература
610 Ключевые слова 0_
a Ключевые слова говорящая книга
610 Ключевые слова 0_
a Ключевые слова музыкально-поэтические композиции
686 Индексы других классификаций __
a Индекс ББК 84(2Рос=Рус)6-4я04
701 Альтернативная интеллектуальная ответственность (другие авторы) _1
a Фамилия Самойлов
b Имя Д.
801 Источник записи _0
a Страна RU
b Организация Центральная районная библиотека им. Г. А. Пирожникова
g Правила каталогизации ОКиО/Струналь
801 Источник записи _1
a Страна RU
b Организация Центральная районная библиотека им. Г. А. Пирожникова
g Правила каталогизации ОКиО/Струналь
852 Данные о местонахождении __
j Шифр хранения 84(2Рос=Рус)6
i Авторский знак М 73
b Сигла хранения ООЧ; 8; 10; 12; 14; 16; 18; 24; 26; 29
901 Тип документа __
t Тип документа m
905 Дата создания БЗ __
a Дата создания БЗ 2013.11.14
990 Данные о заказе (DOS) __
j Количество экземпляров (DOS) 10
h N записи в КСУ для Б/У (DOS) 2014-1